Light distribution in rubber (Hevea) tree canopy (Record no. 62176)

MARC details
000 -LEADER
fixed length control field 00617nam a2200229Ia 4500
100 ## - MAIN ENTRY--AUTHOR NAME
Personal name Castro P R C
245 #0 - TITLE STATEMENT
Title Light distribution in rubber (Hevea) tree canopy
260 ## - PUBLICATION, DISTRIBUTION, ETC. (IMPRINT)
Name of publisher Anais da Escola Superior de Agricultura Luiz de Queiroz
Year of publication 1990
300 ## - PHYSICAL DESCRIPTION
Number of Pages p301-15
500 ## - GENERAL NOTE
General note Source Year: 1991
650 ## - SUBJECT ADDED ENTRY--TOPICAL TERM
Topical Term Brazil
650 ## - SUBJECT ADDED ENTRY--TOPICAL TERM
Topical Term Hevea brasiliensis
650 ## - SUBJECT ADDED ENTRY--TOPICAL TERM
Topical Term Plant canopy
650 ## - SUBJECT ADDED ENTRY--TOPICAL TERM
Topical Term Solar radiation
650 ## - SUBJECT ADDED ENTRY--TOPICAL TERM
Topical Term Vegetative growth
700 ## - ADDED ENTRY--PERSONAL NAME
Personal name Angelocci L R
700 ## - ADDED ENTRY--PERSONAL NAME
Personal name Barbosa L M
700 ## - ADDED ENTRY--PERSONAL NAME
Personal name Nastri V D F
856 ## - ELECTRONIC LOCATION AND ACCESS
Uniform Resource Identifier ATA
942 ## - ADDED ENTRY ELEMENTS (KOHA)
Koha item type Journals
Holdings
Withdrawn status Lost status Damaged status Not for loan Home library Current library Date acquired Serial Enumeration / chronology Koha item type
      Journals RRII Library RRII Library 17/12/2021 Volume 47, Issue 2 Journals